| 000 | 00890cam a2200229 a 4500 | ||
|---|---|---|---|
| 001 | 000013228 | ||
| 003 | DO-SdBNP | ||
| 005 | 20231109104551.0 | ||
| 008 | 840911s1966 sp a 001 0 spa | ||
| 040 |
_aDO-SdBNP _bspa _cCarP _dDLC _dBNPHU |
||
| 082 | 4 |
_a330.987 _bA173v _222 |
|
| 100 | 1 |
_aAcedo Mendoza, Carlos. _d1929-1990 _930366 |
|
| 245 | 1 | 0 |
_aVenezuela : _bruta y destino ; estudio sobre el desarrollo integral de Venezuela, enmarcado en el desarrollo continental de América Latina / _cCarlos Acedo Mendoza ; prólogo Rafael Caldera. |
| 260 |
_aBarcelona : _bAriel, _c1966. |
||
| 300 |
_av. ; _c22 cm. |
||
| 504 | _aIncluye índice | ||
| 651 | 4 |
_aVenezuela _xCondiciones económicas _y1918-1958 _930367 |
|
| 651 | 4 |
_aVenezuela _xCondiciones sociales _926233 |
|
| 651 | 4 |
_aAmérica Latina _xCondiciones económicas _95778 |
|
| 700 | 1 |
_aCaldera, Rafael _epról. _920912 |
|
| 942 |
_2ddc _cLBS1 |
||
| 999 |
_c12860 _d12860 |
||